Teoretické východiská a praktické kontexty potrieb a záujmu absolventov neekonomických študijných odborov v oblasti rozvoja ekonomického vzdelávania recenzovaný zborník vedeckých prác : celoživotná kariéra a trh práce 4
Gespeichert in:
| Körperschaft: | |
|---|---|
| Weitere Verfasser: | , , |
| Format: | Buch |
| Sprache: | Slowakisch Englisch |
| Veröffentlicht: |
Bratislava
Vydavateľstvo EKONÓM
2014
|
| Schlagworte: | |
| Tags: |
Keine Tags, Fügen Sie das erste Tag hinzu!
|
MARC
| LEADER | 00000nam a2200000 4500 | ||
|---|---|---|---|
| 001 | 0191428 | ||
| 005 | 20240502073221.7 | ||
| 020 | |a 978-80-225-3896-1 | ||
| 041 | 0 | |a slo | |
| 041 | 0 | |a eng | |
| 044 | |a SK | ||
| 245 | 1 | 0 | |a Teoretické východiská a praktické kontexty potrieb a záujmu absolventov neekonomických študijných odborov v oblasti rozvoja ekonomického vzdelávania |b recenzovaný zborník vedeckých prác : celoživotná kariéra a trh práce 4 |c Marta Matulčíková a kolektív, redakčné a zostaviteľské práce: Nadežda Jankelová ; vedeckí recenzenti: Andrej Dupaľ, Pavol Kita |
| 264 | 1 | |a Bratislava |b Vydavateľstvo EKONÓM |c 2014 | |
| 300 | |a 120 s. [6 AH] | ||
| 610 | 2 | 0 | |a vzdelávanie |
| 610 | 2 | 0 | |a vzdelanie ekonomické |
| 610 | 2 | 0 | |a absolventi |
| 700 | 1 | |a Jankelová, Nadežda, 1966- | |
| 700 | 1 | |a Dupaľ, Andrej | |
| 700 | 1 | |a Kita, Pavol | |
| 710 | 2 | |a Ekonomická univerzita v Bratislave. Fakulta podnikového manažmentu | |